| 000 | 00390nam a2200145Ia 4500 | ||
|---|---|---|---|
| 003 | GCL | ||
| 008 | 140319s9999 xx 000 0 eng d | ||
| 040 |
_aGCL / _cGCL |
||
| 082 | 0 | 4 |
_a791.4301 _bE C |
| 100 | 1 | _aEASTHAPE, ANTONY | |
| 245 | 1 | 0 |
_aCONTEMPORARY FILM / _cEASTHAPE, ANTONY |
| 260 |
_a[S.N] : _bLONOFMUN GRAUP ، _c1993 |
||
| 650 | 0 | 4 | _aMOTION PICTURES - PHILOSOPHY |
| 942 |
_2ddc _cBK |
||
| 999 |
_c17229 _d17229 |
||